Essentials of Mental Health & Psychiatric Nursing (Vol.-2) / (Record no. 1344)

MARC details
000 -LEADER
Fixed length control field 00568nam a2200193Ia 4500
003 - CONTROL NUMBER IDENTIFIER
Control field IIN
005 - DATE AND TIME OF LATEST TRANSACTION
Control field 20250530123607.0
008 - FIXED-LENGTH DATA ELEMENTS--GENERAL INFORMATION
Fixed length control field 231217s2023 xx acd 000 0 eng d
020 ## - INTERNATIONAL STANDARD BOOK NUMBER / ISBN
Price Rs.1195.00 (set price)
International Standard Book Number 9788184483291
040 ## - CATALOGING SOURCE
Original cataloging agency IIN
Language of cataloging English
082 ## - DEWEY DECIMAL CLASSIFICATION NUMBER
Classification number 616.890231
Book Number NEE
100 1# - MAIN ENTRY--PERSONAL NAME
Personal name Neeraja, K. P
245 1# - TITLE STATEMENT
Title Essentials of Mental Health & Psychiatric Nursing (Vol.-2) /
Statement of responsibility K. P. Neeraja
260 ## - IMPRINT
Name of publisher Jaypee
Place of publication New Delhi
Date of publication 2023
300 ## - PHYSICAL DESCRIPTION
Page / Vol. No xviii, 363-639p.
Other physical details ill.
650 1# - SUBJECT ADDED ENTRY--TOPICAL TERM
Topical term Mental Health
Form subdivision Nursing
650 1# - SUBJECT ADDED ENTRY--TOPICAL TERM
Topical term Psychiatric
Form subdivision Nursing
942 ## - ADDED ENTRY ELEMENTS (KOHA)
Koha item type Books
Holdings
Withdrawn status Lost status Source of classification Damaged status Not for loan Collection code Home library Current library Shelving location Date acquired Total Checkouts Call number Accession number Date last seen Date checked out Copy number Price effective from Koha item type Price
    Dewey Decimal Classification       IDEAL INSTITUTE OF NURSING IDEAL INSTITUTE OF NURSING General Stacks 17/12/2023 2 616.890231 NEE 1338 18/12/2025 16/12/2025 1 17/12/2023 Books  
    Dewey Decimal Classification       IDEAL INSTITUTE OF NURSING IDEAL INSTITUTE OF NURSING General Stacks 17/12/2023   616.890231 NEE 1339 17/12/2023   2 17/12/2023 Books  
    Dewey Decimal Classification       IDEAL INSTITUTE OF NURSING IDEAL INSTITUTE OF NURSING General Stacks 17/12/2023   616.890231 NEE 1340 17/12/2023   3 17/12/2023 Books  
    Dewey Decimal Classification       IDEAL INSTITUTE OF NURSING IDEAL INSTITUTE OF NURSING General Stacks 15/06/2024   616.890231 NEE 1705 15/06/2024   4 15/06/2024 Books  
    Dewey Decimal Classification       IDEAL INSTITUTE OF NURSING IDEAL INSTITUTE OF NURSING General Stacks 15/06/2024   616.890231 NEE 1706 15/06/2024   5 15/06/2024 Books  
    Dewey Decimal Classification       IDEAL INSTITUTE OF NURSING IDEAL INSTITUTE OF NURSING General Stacks 15/06/2024   616.890231 NEE 1707 15/06/2024   6 15/06/2024 Books  
    Dewey Decimal Classification     Purches Book(set price) IDEAL INSTITUTE OF NURSING IDEAL INSTITUTE OF NURSING General Stacks 11/03/2025 1 616.890231 NEE 2094 11/12/2025 10/12/2025 7 30/05/2025 Books 1195.00
© Ideal Institute Of Nursing, All rights reserved.         Powered by Koha